000 00428 a2200157 4500
005 20250626050328.0
020 _a978-0-07-293210-2
082 _a651. 7 LOC
100 _aLOCKER, O. K
245 _aBusiness Communication: Building Critical Skills
250 _a3rd Ed.
260 _aBoston
_bMcGraw-Hill Irwin
_c2007
300 _axxvi,559p.: ill. ; figures
_bIndex
_c27cm
700 _aStephen Kyo Kaczmarek
942 _2ddc
_cBKS
999 _c5164
_d5164